Innovation in cultural systems : (رقم التسجيلة. 21352)

تفاصيل مارك
000 -الفاتح
حقل البيانات ثابتة الطول 02782cam a2200385 a 4500
001 - رقم الضبط
رقم الضبط 15647393
003 - محدد رقم الضبط
رقم الضبط OSt
005 - وقت وتاريخ اخر تعامل مع التسجيلة
رقم الضبط 20150408114012.0
008 - عناصر البيانات ثابتة الطول - معلومات عامة
حقل البيانات ثابتة الطول 090305s2010 maua b 001 0 eng
010 ## - رقم ضبط مكتبة الكونجرس
رقم ضبط مكتبة الكونجرس 2009009084
015 ## - رقم الببليوجرافية الوطنية
رقم الببليوجرافية الوطنية GBA994216
المصدر bnb
016 7# - رقم ضبط الوكاله الوطنية للضبط الببليوجرافي
رقم ضبط التسجيلة 015380306
المصدر Uk
020 ## - الرقم الدولى المعيارى للكتب
الرقم الدولى المعيارى للكتاب 9780262013338 (hardcover : alk. paper)
020 ## - الرقم الدولى المعيارى للكتب
الرقم الدولى المعيارى للكتاب 0262013339 (hardcover : alk. paper)
035 ## - رقم ضبط النظام
رقم ضبط النظام (OCoLC)ocn316772110
040 ## - مصدر الفهرسة
وكالة الفهرسة الأصلية DLC
وكالة النسخ DLC
وكالة التعديل C#P
-- YAM
-- UKM
-- BTCTA
-- YDXCP
-- DLC
050 00 - رقم طلب مكتبة الكونجرس
رقم التصنيف GN60
رقم المادة .I56 2010
082 00 - رقم تصنيف ديوى العشرى
رقم التصنيف 599.9
رقم الطبعة 22
245 00 - بيان العنوان
العنوان Innovation in cultural systems :
بقية العنوان contributions from evolutionary anthropology /
بيان المسئوليه,etc edited by Michael J. O'Brien and Stephen J. Shennan.
260 ## - PUBLICATION, DISTRIBUTION, ETC. (IMPRINT)
مكان الناشر او الموزع Cambridge, Mass. :
اسم الناشر او الموزع MIT Press,
تاريخ النشر أو التوزيع c2010.
300 ## - الوصف المادى
التعداد xi, 284 p. :
تفاصيل ماديه اخرى للوعاء ill. ;
أبعاد الوعاء 24 cm.
490 1# - بيان السلسلة
عنوان السلسلة Vienna series in theoretical biology
504 ## - تبصرة ببليوجرافية
تبصرة ببليوجرافية,الخ Includes bibliographical references and index.
505 0# - تبصرة محتويات-الفهرس
تبصرة المحتويات المصاغة Issues in anthropological studies of innovation / Michael J. O'Brien and Stephen J. Shennan -- Innovation and invention from a logical point of view / André Ariew -- Comparative perspectives on human innovation / Kevin N. Laland and Simon M. Reader -- Organismal innovation / Jeffrey H. Schwartz -- Innovation, replicative behavior, and evolvability : contributions from neuroscience and human decision-making theory / Daniel O. Larson -- Innovation from evo-devo to human culture / Werner Callebaut -- The evolution of innovation-enhancing institutions / Joseph Henrich -- Fashion versus reason in the creative industries / R. Alexander Bentley -- Demography and variation in the accumulation of culturally inherited skills / Adam Powell, Stephen J. Shennan, and Mark G. Thomas -- Cultural traditions and the evolutionary advantages of noninnovation / Craig T. Palmer -- The experimental study of cultural innovation / Alex Mesoudi -- Social learning, economic inequality, and innovation diffusion / Anne Kandler and James Steele -- Technological innovations and developmental trajectories : social factors as evolutionary forces / Valentine Roux -- Can archaeologists study processes of invention? / Michael Brian Schiffer -- War, women, and religion : the spread of Salado polychrome in the American Southwest / Todd L. VanPool and Chet Savage.
650 #0 - المدخل الاضافى بالموضوع-مصطلح موضوعى
مصطلح موضوعي أو اسم جغرافي كعنصر مدخل Physical anthropology.
9 (RLIN) 10359
650 #0 - المدخل الاضافى بالموضوع-مصطلح موضوعى
مصطلح موضوعي أو اسم جغرافي كعنصر مدخل Human evolution.
9 (RLIN) 7080
650 #0 - المدخل الاضافى بالموضوع-مصطلح موضوعى
مصطلح موضوعي أو اسم جغرافي كعنصر مدخل Social evolution.
9 (RLIN) 10360
650 #0 - المدخل الاضافى بالموضوع-مصطلح موضوعى
مصطلح موضوعي أو اسم جغرافي كعنصر مدخل Human beings
التقسيم الفرعي العام Origin.
9 (RLIN) 10361
650 #0 - المدخل الاضافى بالموضوع-مصطلح موضوعى
مصطلح موضوعي أو اسم جغرافي كعنصر مدخل Technological innovations.
9 (RLIN) 3987
700 1# - المدخل الاضافى - اسم شخصى
الإسم الشخصى O'Brien, Michael J.
الشكل الأكمل للاسم (Michael John),
التواريخ المصاحبة للاسم 1950-
9 (RLIN) 10362
700 1# - المدخل الاضافى - اسم شخصى
الإسم الشخصى Shennan, Stephen.
9 (RLIN) 10363
830 #0 - المدخل الاضافى بالسلسلة -عنوان موحد
عنوان موحد Vienna series in theoretical biology.
9 (RLIN) 10364
942 ## - عناصر المدخل الإضافي( كوها)
مصدر التصنيف او مخطط الترفيف Dewey Decimal Classification
Koha [default] item type كتاب
المقتنيات
حالة الفقد نموذج السعر الفعال حالة تلف ليس للاعارة رقم الطلب تاريخ الاكتساب الموقع الحالي الباركود الفرع الرئيسي Date last seen نوع المادة فى نظام كوها مصدر التصنيف او خطة الترفيف Total Checkouts
  2013-03-10     599.9 I N C 2012-04-10 مكتبة مجمع الطالبات بالمجمعة (EMF) 00076296 مكتبة مجمع الطالبات بالمجمعة (EMF) 2013-03-10 كتاب Dewey Decimal Classification  
  2013-03-10     599.9 I N C 2012-04-10 مكتبة مجمع الطالبات بالمجمعة (EMF) 00076295 مكتبة مجمع الطالبات بالمجمعة (EMF) 2013-03-10 كتاب Dewey Decimal Classification